Miseria de la Filosofía
La presente es una obra que emerge entre la polémica de Marx y Proudhon. Es considerada por el mismo Marx como una de sus obras de madurez y de los textos científicos sobre economía. Dividida en dos grandes partes, la primera se titula: Un descubrimiento científico y trata temas como la oposición en...
Đã lưu trong:
| Tác giả chính: | |
|---|---|
| Định dạng: | Sách |
| Ngôn ngữ: | Spanish |
| Được phát hành: |
Barcelona, España
Ediciones Folio
2002
|
| Những chủ đề: | |
| Các nhãn: |
Thêm thẻ
Không có thẻ, Là người đầu tiên thẻ bản ghi này!
|
MARC
| LEADER | 00000nam a2200000Ia 4500 | ||
|---|---|---|---|
| 008 | 170316s9999 xx 000 0 spa d | ||
| 040 | |a cru BVZT | ||
| 090 | |a 100 M-24m | ||
| 100 | |a Marx, Carlos | ||
| 245 | |a Miseria de la Filosofía |c Carlos Marx | ||
| 260 | |a Barcelona, España | ||
| 260 | |b Ediciones Folio | ||
| 260 | |c 2002 | ||
| 300 | |a 192 páginas | ||
| 520 | |a La presente es una obra que emerge entre la polémica de Marx y Proudhon. Es considerada por el mismo Marx como una de sus obras de madurez y de los textos científicos sobre economía. Dividida en dos grandes partes, la primera se titula: Un descubrimiento científico y trata temas como la oposición entre el valor de uso y el valor de cambio, el valor constituido y el valor sintético y la aplicación de la ley de proporcionalidad de los valores. La segunda parte se titula: La metafísica de la economía política, donde Marx trabaja la cuestión del método, la división del trabajo y las máquinas, la competencia y el monopolio, la propiedad o la renta y, finalmente, la huelga y la coalición de los obreros | ||
| 650 | |a FILOSOFÍA |9 5 | ||
| 650 | |a LA METAFÍSICA DE LA ECONOMÍA POLÍTICA | ||
| 650 | |a CARLOS MARX | ||
| 999 | |c 16952 |d 16952 | ||
| 942 | |c 15 D |h 100 M-24m |2 z | ||
